000 00718nam a2200181 4500
001 106876
003 ES-MaACL
005 20230906184311.0
007 t|
008 061121s1910 sp r ||||1| spa d
100 1 _aMora, Felipe.
_982854
245 1 0 _aCanalización del Manzanares y su navegación a enlazar con el Jarama y el Tajo hasta Lisboa
_b: Centro de Hijos de Madrid, sesión del día 1º de abril de 1910 /
_cconferencia dada por D. Felipe Mora.
260 _aMadrid :
_bCentro de Hijos de Madrid,
_c1910 (
_fImp. R. Velasco)
300 _a16 p. ;
_c23 cm.
651 _aManzanares (España, Río)-
_xCanalización.
_9159104
710 2 _aCentro de Hijos de Madrid.
_92692
852 _aES-MaACL
_jT-1214-F-7
999 _c106876
_d106876